Administration of justice in mainland Tanzania /

Guardado en:
Detalles Bibliográficos
Autor principal: Mirindo Frank
Formato: Libro
Materias:
Etiquetas: Agregar Etiqueta
Sin Etiquetas, Sea el primero en etiquetar este registro!

MARC

LEADER 00000cam a2200000 i 4500
005 20260415052113.0
020 |a 9966031167  |c TZS 147,750/= 
020 |a 9789966031167 
040 |a MCCL  |b eng.  |e AACR 2nd rev. ed. 
082 |a 347.678 MIR 
100 1 |a Mirindo Frank 
245 1 0 |a Administration of justice in mainland Tanzania /  |c Frank Mirindo. 
300 |a clxxviii,693P.:  |c 26 cm. 
504 |a Includes bibliographical references and index. 
546 |a eng. 
650 0 |a Justice, Administration of  |z Tanzania. 
942 |c BK 
999 |c 12618  |d 12618